[Event "Wch U18"]
[Site "Montesilvano"]
[Date "2023.11.16"]
[Round "4"]
[White "Baranciuc, Alexandr"]
[Black "Paduano, Claudio"]
[Result "1-0"]
[WhiteElo "2338"]
[BlackElo "2188"]
[PlyCount "123"]
[EventDate "2023.11.13"]
[EventType "swiss"]
[EventRounds "11"]
[EventCountry "ITA"]
[SourceTitle "CB48_2023"]
[SourceDate "2023.11.29"]
[SourceVersion "1"]
[SourceVersionDate "2023.11.29"]
[SourceQuality "1"]

1. d4 d5 2. Nc3 Nf6 3. Bf4 e6 4. Nb5 Na6 5. e3 c6 6. Nc3 Nc7 7. Nf3 c5 8. Ne5 c4 9. a3 b5 10. Qf3 Bb7 11. Qd1 Bc8 12. Qf3 Bb7 13. g4 Qe7 14. Bg3 Qd8 15. Bf4 Qe7 16. Bg3 Qd8 17. Bf4 Qe7 18. Bg3 b4 19. axb4 Qxb4 20. Be2 h6 21. 0-0 Bd6 22. Na4 0-0 23. c3 Qb5 24. b3 Rab8 25. Rfb1 Ba8 26. Ng6 fxg6 27. Bxd6 Ne4 28. Bxf8 Rxf8 29. Qh3 Rxf2 30. Bf1 Ne8 31. Be2 Nc7 32. Bf1 Ne8 33. Bg2 N8f6 34. Nc5 Rc2 35. Rxa7 Qb8 36. Rba1 Rc1+ 37. Rxc1 Qxa7 38. Nxe4 dxe4 39. g5 hxg5 40. Qxe6+ Kh7 41. bxc4 Qa3 42. Qh3+ Nh5 43. Rc2 Qb3 44. Rf2 Qa3 45. Rc2 Qb3 46. Rf2 Qxc3 47. d5 Qxc4 48. d6 g4 49. Qxg4 Qc1+ 50. Bf1 Qxe3 51. d7 Qd4 52. Qh3 Qc4 53. Qg4 Qd4 54. Bb5 Qd5 55. Bc4 Qd4 56. Bf7 Nf6 57. Qh4+ Nh5 58. d8Q Qa1+ 59. Rf1 Qa7+ 60. Qf2 e3 61. Bxg6+ Kh6 62. Qh8+ 1-0

[Event "Lignano Bella Italia op 2nd"]
[Site "Lignano Sabbiadoro"]
[Date "2023.08.23"]
[Round "9"]
[White "Bonade, Massimo"]
[Black "Paduano, Claudio"]
[Result "0-1"]
[WhiteElo "2059"]
[BlackElo "2137"]
[PlyCount "82"]
[EventDate "2023.08.17"]
[EventType "swiss"]
[EventRounds "9"]
[EventCountry "ITA"]
[SourceTitle "EXT 2024"]
[Source "ChessBase"]
[SourceDate "2023.10.10"]
[SourceVersion "1"]
[SourceVersionDate "2023.10.10"]
[SourceQuality "1"]

1. d4 d5 2. Bf4 Nf6 3. e3 e6 4. Nf3 Bd6 5. Ne5 0-0 6. Nd2 c5 7. c3 b6 8. Bd3 Bb7 9. 0-0 Nc6 10. Ndf3 Ne7 11. h3 Ne4 12. Nd2 f6 13. Nef3 Bxf4 14. exf4 Qc7 15. g3 c4 16. Bc2 Nf5 17. Re1 Nfd6 18. Qe2 Rae8 19. Rf1 h6 20. Kh2 g5 21. fxg5 hxg5 22. Rae1 Qg7 23. Nxe4 dxe4 24. Nd2 f5 25. Rg1 b5 26. a4 a6 27. b3 Bd5 28. axb5 axb5 29. Ra1 Rf6 30. Ra6 Rd8 31. Rga1 Rh6 32. Ra7 Qh8 33. Qf1 g4 34. h4 e3 35. f3 exd2 36. Bd1 f4 37. Re7 fxg3+ 38. Kg1 Rxh4 39. Qg2 Nf5 40. Raa7 Nxe7 41. Rxe7 Qf6 0-1

[Event "Lignano Bella Italia op 2nd"]
[Site "Lignano Sabbiadoro"]
[Date "2023.08.19"]
[Round "4"]
[White "Paduano, Claudio"]
[Black "Tellarini, Lorenzo"]
[Result "1-0"]
[WhiteElo "2137"]
[BlackElo "1942"]
[PlyCount "55"]
[EventDate "2023.08.17"]
[EventType "swiss"]
[EventRounds "9"]
[EventCountry "ITA"]
[SourceTitle "EXT 2024"]
[Source "ChessBase"]
[SourceDate "2023.10.10"]
[SourceVersion "1"]
[SourceVersionDate "2023.10.10"]
[SourceQuality "1"]

1. d4 Nf6 2. c4 g6 3. Nc3 d5 4. cxd5 Nxd5 5. e4 Nxc3 6. bxc3 Bg7 7. Bc4 c5 8. Ne2 Nc6 9. Be3 0-0 10. 0-0 Qc7 11. Rc1 Rd8 12. Qd2 a6 13. f3 b5 14. Bd3 Qd6 15. d5 c4 16. Bb1 e6 17. f4 exd5 18. e5 Qc7 19. Nd4 Nxd4 20. Bxd4 Bb7 21. Rce1 Re8 22. f5 Bxe5 23. Rxe5 Rxe5 24. Qh6 f6 25. fxg6 Rae8 26. gxh7+ Kh8 27. Qxf6+ Qg7 28. Bxe5 1-0

[Event "Lignano Bella Italia op 2nd"]
[Site "Lignano Sabbiadoro"]
[Date "2023.08.17"]
[Round "1"]
[White "Omelja, Artem"]
[Black "Paduano, Claudio"]
[Result "1-0"]
[WhiteElo "2435"]
[BlackElo "2137"]
[PlyCount "111"]
[EventDate "2023.08.17"]
[EventType "swiss"]
[EventRounds "9"]
[EventCountry "ITA"]
[SourceTitle "EXT 2024"]
[Source "ChessBase"]
[SourceDate "2023.10.10"]
[SourceVersion "1"]
[SourceVersionDate "2023.10.10"]
[SourceQuality "1"]

1. Nf3 d5 2. e3 Nf6 3. c4 e6 4. b3 c5 5. Bb2 Nc6 6. cxd5 exd5 7. Be2 Bg4 8. h3 Bh5 9. 0-0 Bd6 10. d4 0-0 11. dxc5 Bxc5 12. Nc3 a6 13. Nh4 Bxe2 14. Nxe2 Rc8 15. Nf5 Re8 16. Neg3 Bf8 17. Nh5 Nxh5 18. Qxh5 g6 19. Nh6+ Bxh6 20. Qxh6 f6 21. Rad1 Re6 22. Rd2 Rc7 23. Rfd1 Rd7 24. Qf4 Kf7 25. h4 h5 26. Qh6 Ne7 27. Qh7+ Ke8 28. Ba3 f5 29. g3 Rf6 30. Qh8+ Kf7 31. Qxd8 Rxd8 32. Bxe7 Kxe7 33. Rxd5 Rxd5 34. Rxd5 Rc6 35. Rd2 Rc1+ 36. Kg2 Ke6 37. Kf3 Ra1 38. Kf4 b5 39. Kg5 Kf7 40. b4 Rb1 41. Rd7+ Ke6 42. Rg7 Rxb4 43. Rxg6+ Ke5 44. Rxa6 Rb2 45. f4+ Ke4 46. Re6+ Kd3 47. Kxf5 Rxa2 48. e4 b4 49. Rb6 Kc3 50. e5 b3 51. e6 b2 52. e7 Ra8 53. Kf6 Kc2 54. Kf7 b1Q 55. Rxb1 Kxb1 56. e8Q 1-0

[Event "Rome La Regina op 3rd"]
[Site "Rome"]
[Date "2023.07.30"]
[Round "5"]
[White "Lumachi, Gabriele"]
[Black "Paduano, Claudio"]
[Result "1/2-1/2"]
[WhiteElo "2405"]
[BlackElo "2211"]
[PlyCount "112"]
[EventDate "2023.07.28"]
[EventType "swiss"]
[EventRounds "5"]
[EventCountry "ITA"]
[SourceTitle "CBM 215 Extra"]
[Source "ChessBase"]
[SourceDate "2023.09.30"]
[SourceVersion "1"]
[SourceVersionDate "2023.09.30"]
[SourceQuality "1"]

1. d4 Nf6 2. c4 e6 3. Nc3 d5 4. cxd5 exd5 5. Bg5 Be7 6. e3 0-0 7. Bd3 Nbd7 8. Qc2 Re8 9. Nf3 c6 10. 0-0 Nf8 11. h3 Ne4 12. Bf4 f5 13. a4 g5 14. Bh2 Bd6 15. Bxd6 Qxd6 16. Ne5 Ng6 17. Nxg6 hxg6 18. a5 Bd7 19. Bxe4 dxe4 20. Rfd1 Kg7 21. b4 Rac8 22. Na4 f4 23. Nc5 Qe7 24. Nxd7 Qxd7 25. Qc5 g4 26. hxg4 Qxg4 27. exf4 e3 28. fxe3 Rxe3 29. Qg5 Qxg5 30. fxg5 Rd8 31. Rac1 Rd5 32. Rc5 Rb3 33. Rxd5 cxd5 34. Rc1 Rxb4 35. Rc7+ Kf8 36. Kf2 Rb5 37. Ke3 Rxa5 38. Rxb7 Ra6 39. Rd7 Re6+ 40. Kd3 Re4 41. Rxd5 Rg4 42. Ra5 Rxg2 43. Kc4 Ke7 44. Rxa7+ Ke6 45. Ra6+ Kf5 46. Ra5+ Kf4 47. d5 Rxg5 48. Ra1 Rg2 49. d6 Rd2 50. Kc5 g5 51. Kc6 g4 52. Ra4+ Kf3 53. Ra3+ Kf2 54. d7 Rxd7 55. Kxd7 g3 56. Rxg3 Kxg3 1/2-1/2

[Event "Rome La Regina op 3rd"]
[Site "Rome"]
[Date "2023.07.29"]
[Round "2"]
[White "Paduano, Claudio"]
[Black "Mammi, Samuele"]
[Result "1/2-1/2"]
[WhiteElo "2211"]
[BlackElo "2014"]
[PlyCount "211"]
[EventDate "2023.07.28"]
[EventType "swiss"]
[EventRounds "5"]
[EventCountry "ITA"]
[SourceTitle "CBM 215 Extra"]
[Source "ChessBase"]
[SourceDate "2023.09.30"]
[SourceVersion "1"]
[SourceVersionDate "2023.09.30"]
[SourceQuality "1"]

1. d4 Nf6 2. c4 e6 3. Nf3 Be7 4. Nc3 d5 5. Bg5 h6 6. Bh4 Nbd7 7. e3 0-0 8. Qc2 c5 9. dxc5 dxc4 10. c6 bxc6 11. Bxc4 Nd5 12. Bxe7 Qxe7 13. a3 Bb7 14. 0-0 Rfd8 15. Rac1 Rac8 16. Rfd1 N7b6 17. Ba2 Nxc3 18. Qxc3 c5 19. Ne1 Nd5 20. Qa5 Ba8 21. Rd2 Nf6 22. f3 Rxd2 23. Qxd2 Nd5 24. e4 Nb6 25. Qe3 Bb7 26. Bc4 Qf6 27. e5 Qh4 28. b3 Nd5 29. Bxd5 Bxd5 30. g3 Qh5 31. g4 Qh3 32. Rc3 h5 33. gxh5 Qxh5 34. Ng2 Qg6 35. Kf2 Qh5 36. Qf4 Rb8 37. b4 cxb4 38. axb4 a5 39. bxa5 Qg6 40. Qc1 Rb1 41. Qc2 Qxc2+ 42. Rxc2 Rb3 43. Ne3 Bb7 44. Rc7 Rb2+ 45. Kg3 Rb3 46. Kf2 Rb2+ 47. Kg3 Rb3 48. Nc4 Bd5 49. Rc8+ Kh7 50. Nb6 Rxf3+ 51. Kg4 Ra3 52. Rc5 Bg2 53. Nc4 Ra4 54. Kg5 Bf1 55. Nd6 Bh3 56. Rc4 Rxa5 57. Rh4+ Kg8 58. Rxh3 Rxe5+ 59. Kf4 Rd5 60. Ne4 Rf5+ 61. Ke3 Re5 62. Kf4 Rf5+ 63. Kg3 Ra5 64. Kg2 Ra2+ 65. Nf2 g6 66. Re3 Kg7 67. Kg3 Ra1 68. Ne4 Rg1+ 69. Kf2 Rh1 70. Kg2 Ra1 71. Ng5 Ra4 72. Kg3 Ra5 73. h4 Ra7 74. Rf3 Rb7 75. Kf2 Rb2+ 76. Kg3 Rb7 77. Ne4 Ra7 78. Nd6 Kg8 79. Kf4 Kg7 80. Rb3 Ra4+ 81. Kg3 Ra7 82. Rb4 Ra3+ 83. Kf4 Ra7 84. Ne8+ Kh6 85. Kg4 Re7 86. Nf6 Ra7 87. Rf4 Rb7 88. Rd4 Ra7 89. Rc4 Rb7 90. Rd4 Ra7 91. Rb4 Rc7 92. Kf4 Ra7 93. Ke5 Ra5+ 94. Kd6 g5 95. h5 Kg7 96. Ne8+ Kh6 97. Nf6 Kg7 98. Ng4 Rf5 99. Ke7 Rf4 100. h6+ Kg6 101. Rxf4 gxf4 102. Kf8 Kh7 103. Kxf7 f3 104. Kf6 f2 105. Nxf2 Kxh6 106. Kxe6 1/2-1/2

[Event "ITA-ch sf 82nd"]
[Site "Villesse"]
[Date "2023.07.16"]
[Round "2"]
[White "Paduano, Claudio"]
[Black "Frescura, Davide"]
[Result "1-0"]
[WhiteElo "2211"]
[BlackElo "2124"]
[PlyCount "57"]
[EventDate "2023.07.15"]
[EventType "swiss"]
[EventRounds "9"]
[EventCountry "ITA"]
[SourceTitle "CBM 215 Extra"]
[Source "ChessBase"]
[SourceDate "2023.09.30"]
[SourceVersion "1"]
[SourceVersionDate "2023.09.30"]
[SourceQuality "1"]

1. d4 d5 2. c4 e6 3. Nc3 Nf6 4. Nf3 c6 5. Bg5 Nbd7 6. e3 Qa5 7. cxd5 Nxd5 8. Qd2 Bb4 9. Rc1 h6 10. Bh4 e5 11. Bd3 exd4 12. exd4 0-0 13. 0-0 N7f6 14. Bb1 Nxc3 15. bxc3 Be7 16. Rfe1 Qc7 17. Qd3 g6 18. Qe3 Be6 19. Bxg6 Ng4 20. Bxf7+ Rxf7 21. Qxe6 Bxh4 22. Qxg4+ Bg5 23. Nxg5 hxg5 24. Re5 Rg7 25. Rxg5 Re8 26. Rxg7+ Qxg7 27. Qxg7+ Kxg7 28. Kf1 Re6 29. Re1 1-0

[Event "ITA-ch U20"]
[Site "Tarvisio"]
[Date "2023.07.08"]
[Round "8"]
[White "Paduano, Claudio"]
[Black "Bodini, Ludovico"]
[Result "1-0"]
[WhiteElo "2211"]
[BlackElo "1920"]
[PlyCount "59"]
[EventDate "2023.07.02"]
[EventType "swiss"]
[EventRounds "9"]
[EventCountry "ITA"]
[SourceTitle "EXT 2024"]
[Source "ChessBase"]
[SourceDate "2023.10.10"]
[SourceVersion "1"]
[SourceVersionDate "2023.10.10"]
[SourceQuality "1"]

1. d4 Nf6 2. c4 g6 3. Nc3 Bg7 4. e4 d6 5. f3 0-0 6. Be3 c5 7. Nge2 Nc6 8. d5 Ne5 9. Ng3 e6 10. Be2 exd5 11. cxd5 h5 12. 0-0 h4 13. Nh1 h3 14. g4 b5 15. Nxb5 Nexg4 16. fxg4 Nxe4 17. Qd3 Re8 18. Rae1 a6 19. Na3 Qh4 20. Nf2 f5 21. Bf3 Be5 22. Bxe4 fxe4 23. Qxe4 Bxh2+ 24. Kxh2 Rxe4 25. Nxe4 Bxg4 26. Bg5 Qh8 27. Nf6+ Kg7 28. Re7+ Kf8 29. Nxg4+ Kg8 30. Nh6+ 1-0

[Event "ITA-ch U20"]
[Site "Tarvisio"]
[Date "2023.07.06"]
[Round "6"]
[White "Giordani, Luca"]
[Black "Paduano, Claudio"]
[Result "1-0"]
[WhiteElo "1948"]
[BlackElo "2211"]
[PlyCount "81"]
[EventDate "2023.07.02"]
[EventType "swiss"]
[EventRounds "9"]
[EventCountry "ITA"]
[SourceTitle "EXT 2024"]
[Source "ChessBase"]
[SourceDate "2023.10.10"]
[SourceVersion "1"]
[SourceVersionDate "2023.10.10"]
[SourceQuality "1"]

1. e4 c5 2. Nf3 Nc6 3. d4 cxd4 4. Nxd4 Nf6 5. Nc3 e5 6. Ndb5 d6 7. Bg5 a6 8. Na3 b5 9. Nd5 Be7 10. Bxf6 Bxf6 11. c3 Bg5 12. Nc2 Rb8 13. a4 bxa4 14. Ncb4 Nxb4 15. Nxb4 Bd7 16. Bxa6 0-0 17. 0-0 Qb6 18. Bc4 Qc5 19. Bd3 Rxb4 20. cxb4 Qxb4 21. Bc2 Bb5 22. Bd3 Bd7 23. Bc2 Ra8 24. Qd3 Bb5 25. Qd5 Rc8 26. Qb7 Qc5 27. Rfd1 g6 28. Bxa4 Be2 29. Re1 Bd3 30. Bb3 Rc7 31. Ra8+ Kg7 32. Qb8 Bd2 33. Qf8+ Kf6 34. Qh8+ Kg5 35. h4+ Kh6 36. Qf8+ Kh5 37. Bd1+ Kxh4 38. Qd8+ g5 39. Qf6 h5 40. Kh2 Be2 41. g3+ 1-0

[Event "Montesilvano Easter op 8th"]
[Site "Montesilvano"]
[Date "2023.04.08"]
[Round "3"]
[White "Paduano, Claudio"]
[Black "Fuochi, Tommaso"]
[Result "1-0"]
[WhiteElo "2124"]
[BlackElo "1999"]
[PlyCount "85"]
[EventDate "2023.04.07"]
[EventType "swiss"]
[EventRounds "6"]
[EventCountry "ITA"]
[SourceTitle "CBM 213 Extra"]
[Source "ChessBase"]
[SourceDate "2023.05.31"]
[SourceVersion "1"]
[SourceVersionDate "2023.05.31"]
[SourceQuality "1"]

1. d4 e6 2. c4 Nf6 3. Nf3 Bb4+ 4. Nbd2 0-0 5. e3 b6 6. Bd3 Bb7 7. a3 Bxd2+ 8. Qxd2 Ne4 9. Qc2 f5 10. b4 d6 11. 0-0 Nd7 12. Nd2 Qh4 13. f3 Ng5 14. d5 Rf6 15. f4 Nf7 16. Nf3 Qh5 17. dxe6 Rxe6 18. Bxf5 Re7 19. g4 Qh3 20. g5 Qh5 21. Qg2 Rae8 22. Bg4 Qg6 23. Qh3 Bxf3 24. Rxf3 Nf8 25. Bf5 Nxg5 26. fxg5 Qxg5+ 27. Qg3 Qh5 28. Bb2 Qh6 29. Re1 g6 30. Kf2 Ne6 31. h4 Ng7 32. Bd3 Ne6 33. Qg4 Rf8 34. Bf6 Ree8 35. Rg1 Rf7 36. Bg5 Nxg5 37. Qxg5 Rxf3+ 38. Kxf3 Rf8+ 39. Kg3 Qg7 40. Qd5+ Kh8 41. Qd4 Rf6 42. Rf1 Rxf1 43. Bxf1 1-0

[Event "ITA-ch sf 81st"]
[Site "Acqui Terme"]
[Date "2022.06.16"]
[Round "6"]
[White "Mortola, Alberto"]
[Black "Paduano, Claudio"]
[Result "0-1"]
[WhiteElo "1953"]
[BlackElo "2138"]
[PlyCount "54"]
[EventDate "2022.06.12"]
[EventType "swiss"]
[EventRounds "9"]
[EventCountry "ITA"]
[SourceTitle "CBM 208 Extra"]
[Source "ChessBase"]
[SourceDate "2022.07.31"]
[SourceVersion "1"]
[SourceVersionDate "2022.07.31"]
[SourceQuality "1"]

1. Nf3 d5 2. d4 Nf6 3. c4 e6 4. Nc3 Be7 5. Bf4 0-0 6. cxd5 exd5 7. e3 Nbd7 8. Bd3 c6 9. Ne5 Nxe5 10. dxe5 Nd7 11. Qh5 g6 12. Qh6 Nc5 13. Bc2 Re8 14. h4 Qb6 15. h5 Bf8 16. Qg5 Ne6 17. Qg3 Qxb2 18. hxg6 Qxc3+ 19. Kd1 fxg6 20. Rxh7 Nxf4 21. Qxf4 Qxa1+ 22. Ke2 Kxh7 23. Qf7+ Kh8 24. Qxg6 Re7 25. Qf6+ Kg8 26. Qg6+ Rg7 27. Qf6 Qxa2 0-1

[Event "ITA-ch sf 80th"]
[Site "Civitanova Marche"]
[Date "2021.07.23"]
[Round "7"]
[White "Paduano, Claudio"]
[Black "Lumachi, Gabriele"]
[Result "0-1"]
[WhiteElo "2262"]
[BlackElo "2305"]
[PlyCount "72"]
[EventDate "2021.07.17"]
[EventType "swiss"]
[EventRounds "9"]
[EventCountry "ITA"]
[SourceTitle "CBM 203 Extra"]
[Source "ChessBase"]
[SourceDate "2021.09.30"]
[SourceVersion "1"]
[SourceVersionDate "2021.09.30"]
[SourceQuality "1"]

1. d4 Nf6 2. c4 e6 3. Nf3 d5 4. Nc3 dxc4 5. e4 b5 6. e5 Nd5 7. Nxb5 Nb6 8. Be2 Nc6 9. 0-0 Be7 10. Be3 Qd7 11. b3 cxb3 12. Qxb3 0-0 13. Rfc1 Rb8 14. Qc2 Bb7 15. a3 a6 16. Nc3 Na5 17. Nd2 f5 18. f4 Rfc8 19. Rcb1 h6 20. Qa2 Kh8 21. Qc2 Rg8 22. Qd3 g5 23. g3 Rbd8 24. Bf3 gxf4 25. Bf2 Nc6 26. Nc4 fxg3 27. hxg3 f4 28. Nxb6 cxb6 29. Qe4 Ba8 30. Rxb6 Nxd4 31. Qxd4 Rxg3+ 32. Kh2 Qxd4 33. Bxd4 Bxf3 34. Rd6 Rdg8 35. Rg1 Rxg1 36. Bxg1 Rg2+ 0-1

[Event "Montesilvano Adriatico op 22nd"]
[Site "Montesilvano"]
[Date "2021.06.06"]
[Round "5"]
[White "Zimina, Olga"]
[Black "Paduano, Claudio"]
[Result "1-0"]
[WhiteElo "2348"]
[BlackElo "2204"]
[PlyCount "101"]
[EventDate "2021.06.04"]
[EventType "swiss"]
[EventRounds "5"]
[EventCountry "ITA"]
[SourceTitle "CBM 202 Extra"]
[Source "ChessBase"]
[SourceDate "2021.07.31"]
[SourceVersion "1"]
[SourceVersionDate "2021.07.31"]
[SourceQuality "1"]

1. d4 Nf6 2. Nf3 e6 3. g3 d5 4. Bg2 Be7 5. 0-0 0-0 6. c4 dxc4 7. Qc2 a6 8. a4 Bd7 9. Rd1 Bc6 10. Nc3 Nbd7 11. e4 b5 12. d5 exd5 13. e5 Ne4 14. Nxd5 Ndc5 15. Nf6+ gxf6 16. Rxd8 Raxd8 17. Be3 Nb3 18. Rf1 f5 19. Bh3 Bd7 20. Nd4 Nxd4 21. Bxd4 Be6 22. Be3 Rd3 23. Qe2 Rfd8 24. Qh5 Nd2 25. Bxd2 Rxd2 26. Bxf5 Bxf5 27. Qxf5 Rxb2 28. e6 f6 29. Qh5 Rf8 30. axb5 axb5 31. Qg4+ Kh8 32. Qd4 Re2 33. Qd7 Bd6 34. Rd1 c3 35. Kf1 Re5 36. Re1 Rxe1+ 37. Kxe1 Rb8 38. e7 Bxe7 39. Qxe7 b4 40. Qxc7 Ra8 41. Qc4 Ra1+ 42. Ke2 Rb1 43. Qf7 Rb2+ 44. Ke3 h6 45. h4 f5 46. Kf3 f4 47. g4 Rd2 48. g5 hxg5 49. hxg5 c2 50. g6 Rd3+ 51. Ke4 1-0

[Event "Gallipoli Salento op 9th"]
[Site "Gallipoli"]
[Date "2020.09.25"]
[Round "8"]
[White "Kopischke, Maik"]
[Black "Paduano, Claudio"]
[Result "1-0"]
[WhiteElo "1852"]
[BlackElo "2266"]
[PlyCount "65"]
[EventDate "2020.09.19"]
[EventType "swiss"]
[EventRounds "9"]
[EventCountry "ITA"]
[SourceTitle "CBM 198 Extra"]
[Source "ChessBase"]
[SourceDate "2020.11.30"]
[SourceVersion "1"]
[SourceVersionDate "2020.11.30"]
[SourceQuality "1"]

1. d4 Nf6 2. Nf3 e6 3. Bg5 d5 4. e3 Be7 5. Bd3 0-0 6. Nbd2 h6 7. Bh4 c5 8. c3 c4 9. Bc2 b5 10. Ne5 Bb7 11. 0-0 Nbd7 12. f4 Ne4 13. Bxe7 Qxe7 14. Ndf3 Ndf6 15. Qe1 Rfc8 16. g4 b4 17. g5 Ne8 18. gxh6 gxh6 19. Bxe4 dxe4 20. Qg3+ Ng7 21. Nh4 Kh7 22. Kh1 Rg8 23. Qh3 f5 24. Rg1 bxc3 25. bxc3 Qa3 26. Rg6 Nh5 27. Rxe6 Rg4 28. Nxg4 Qxc3 29. Nf6+ Kh8 30. Ng6+ Kg7 31. Nxh5+ Kg8 32. Ne7+ Kh8 33. Rxh6# 1-0

[Event "Gallipoli Salento op 9th"]
[Site "Gallipoli"]
[Date "2020.09.24"]
[Round "7"]
[White "Paduano, Claudio"]
[Black "Wollenweber, Carsten"]
[Result "0-1"]
[WhiteElo "2266"]
[BlackElo "2069"]
[PlyCount "92"]
[EventDate "2020.09.19"]
[EventType "swiss"]
[EventRounds "9"]
[EventCountry "ITA"]
[SourceTitle "CBM 198 Extra"]
[Source "ChessBase"]
[SourceDate "2020.11.30"]
[SourceVersion "1"]
[SourceVersionDate "2020.11.30"]
[SourceQuality "1"]

1. d4 g6 2. c4 Bg7 3. e4 d6 4. Nc3 e5 5. d5 Ne7 6. Be3 0-0 7. Qd2 f5 8. f3 Nd7 9. Nge2 Nf6 10. h3 a6 11. 0-0-0 b5 12. Qc2 bxc4 13. Ng1 Kh8 14. Bxc4 Bb7 15. Nge2 Rc8 16. Qb3 Ba8 17. Bxa6 Rb8 18. Qa3 Nh5 19. Ba7 fxe4 20. fxe4 Nf4 21. Bxb8 Qxb8 22. g3 Ng2 23. Rdf1 Bh6+ 24. Kb1 Ne3 25. Rxf8+ Qxf8 26. Bd3 Nf1 27. Nd1 Bb7 28. Bc2 Qf6 29. h4 Bc8 30. Qa4 Bg4 31. Qe8+ Ng8 32. Ndc3 Qf2 33. Bd1 Bf3 34. Qf7 Bxe4+ 35. Nxe4 Qxf7 36. N2c3 Ne7 37. Bb3 Qf3 38. Rg1 Be3 39. Bd1 Qf5 40. g4 Qf4 41. Rg2 Nxd5 42. a4 Bd4 43. h5 Bxc3 44. Bc2 Bd4 45. a5 Nb4 46. Ka1 Ne3 0-1

[Event "Gallipoli Salento op 9th"]
[Site "Gallipoli"]
[Date "2020.09.23"]
[Round "5"]
[White "Paduano, Claudio"]
[Black "Pizzuto, Samuele Tullio"]
[Result "1-0"]
[WhiteElo "2266"]
[BlackElo "2056"]
[PlyCount "49"]
[EventDate "2020.09.19"]
[EventType "swiss"]
[EventRounds "9"]
[EventCountry "ITA"]
[SourceTitle "CBM 198 Extra"]
[Source "ChessBase"]
[SourceDate "2020.11.30"]
[SourceVersion "1"]
[SourceVersionDate "2020.11.30"]
[SourceQuality "1"]

1. d4 Nc6 2. d5 Ne5 3. f4 Ng6 4. f5 Ne5 5. e4 e6 6. Bf4 Bd6 7. Nf3 Nxf3+ 8. Qxf3 Bxf4 9. Qxf4 Qe7 10. Nc3 Nf6 11. e5 Nxd5 12. Nxd5 exd5 13. 0-0-0 b6 14. f6 Qf8 15. c4 g6 16. cxd5 Qc5+ 17. Kb1 Bb7 18. Bc4 0-0-0 19. Bb3 Rhe8 20. Rc1 Qf8 21. e6 d6 22. Rhe1 Qg8 23. Qc4 c5 24. dxc6 Ba8 25. Qa6+ 1-0

[Event "Lignano Sabbiadoro op 6th"]
[Site "Lignano Sabbiadoro"]
[Date "2020.08.07"]
[Round "8"]
[White "Gelle, Istvan"]
[Black "Paduano, Claudio"]
[Result "0-1"]
[WhiteElo "2301"]
[BlackElo "2114"]
[PlyCount "64"]
[EventDate "2020.08.01"]
[EventType "swiss"]
[EventRounds "9"]
[EventCountry "ITA"]
[SourceTitle "EXT 2021"]
[Source "ChessBase"]
[SourceDate "2020.10.23"]
[SourceVersion "1"]
[SourceVersionDate "2020.10.23"]
[SourceQuality "1"]

1. d4 Nf6 2. Bf4 e6 3. e3 d5 4. Nf3 Bd6 5. Bg3 c5 6. c3 0-0 7. Nbd2 b6 8. Ne5 Bb7 9. Bh4 Nc6 10. f4 Ne7 11. Bd3 Ne4 12. Bxe7 Qxe7 13. 0-0 Nxd2 14. Qxd2 f6 15. Nf3 e5 16. dxe5 fxe5 17. fxe5 Bxe5 18. Qc2 g6 19. Bxg6 Bc7 20. Bf5 Qxe3+ 21. Kh1 Qh6 22. Rae1 Rae8 23. Rxe8 Rxe8 24. Qa4 Re7 25. Qxa7 Bc6 26. Qa6 d4 27. Bh3 Qd6 28. Qc8+ Re8 29. Qg4+ Kh8 30. Qh5 Re7 31. Bg4 Rg7 32. Ng5 Rxg5 0-1